00979 2200241 4500001002100000005001500021035002000036008004100056020001500097041000800112082001100120084001700131100002300148245009800171260004200269300003800311500002300349520019000372650004600562650007700608990002600685990002600711INLIS00000000000351520221108095259 a0010-0520003515221108 | | eng  a0471307424 aeng a347.73 a347.73 HAG i0 aHaggerty, James F.1 aIn the Court of Public Opinion: Winnning Your Case with Public Relations /cJames F. Haggerty aNew Jersy :bJohn Wiley & Sons,c2003 axxviii, 258 p. ; 24 cm. ;c24 cm. aIndeks : p.249-258 aIn the Information Economy, all cases are public-and lawyers, clients, and communicators need to be prepared for the inevitable legal matter that thrusts them into the public spotlight. 4aPublic relations and law --United States. 4aPublic relations consultants --Legal status, laws, etc. --United States. a12307/MKRI-P/III-2009 a12307/MKRI-P/III-2009